MARC details
| 000 -CABECERA |
| campo de control de longitud fija |
02631nam a2200445 a 4500 |
| 001 - NÚMERO DE CONTROL |
| campo de control |
dia_3606 |
| 003 - IDENTIFICADOR DEL NÚMERO DE CONTROL |
| campo de control |
CHAP |
| 005 - FECHA Y HORA DE LA ÚLTIMA TRANSACCIÓN |
| campo de control |
20240918131435.0 |
| 007 - CAMPO FIJO DE DESCRIPCIÓN FÍSICA--INFORMACIÓN GENERAL |
| campo de control de longitud fija |
ta |
| 008 - DATOS DE LONGITUD FIJA--INFORMACIÓN GENERAL |
| campo de control de longitud fija |
220117s2002 mx a fr 001 0 spa d |
| 010 ## - NÚMERO DE CONTROL DE LA BIBLIOTECA DEL CONGRESO |
| Número de control de LC |
174109 |
| 020 ## - NÚMERO INTERNACIONAL ESTÁNDAR DEL LIBRO |
| Número Internacional Estándar del Libro |
968-24-6489-7 |
| 040 ## - FUENTE DE LA CATALOGACIÓN |
| Centro/agencia transcriptor |
CHAP |
| Centro catalogador/agencia de origen |
mxchpua |
| 041 0# - CÓDIGO DE LENGUA |
| Código de lengua del sumario o resumen |
Español |
| Código de lengua de la tabla de contenido |
Español |
| 050 00 - SIGNATURA TOPOGRÁFICA DE LA BIBLIOTECA DEL CONGRESO |
| Número de clasificación |
QH506 |
| Número de documento/Ítem |
B35 2002 |
| 082 00 - NÚMERO DE LA CLASIFICACIÓN DECIMAL DEWEY |
| Número de clasificación |
577 |
| Número de documento/Ítem |
B35 2002 |
| Número de edición |
20 |
| 100 1# - ENTRADA PRINCIPAL--NOMBRE DE PERSONA |
| Nombre de persona |
Balbás, Paulina |
| Término indicativo de función/relación |
autor |
| 9 (RLIN) |
9623 |
| 245 10 - MENCIÓN DE TÍTULO |
| Título |
De la biología molecular a la biotecnología / |
| Mención de responsabilidad, etc. |
Paulina Balbás |
| 264 #1 - PRODUCCIÓN, PUBLICACIÓN, DISTRIBUCIÓN, FABRICACIÓN Y COPYRIGHT |
| Producción, publicación, distribución, fabricación y copyright |
México : |
| Nombre del de productor, editor, distribuidor, fabricante |
Trillas, |
| Fecha de producción, publicación, distribución, fabricación o copyright |
2002 |
| 300 ## - DESCRIPCIÓN FÍSICA |
| Extensión |
324 páginas : |
| Otras características físicas |
ilustraciones, cuadros, tablas |
| 336 ## - TIPO DE CONTENIDO |
| Fuente |
rdacontent |
| Término de tipo de contenido |
texto |
| Código de tipo de contenido |
txt |
| 337 ## - TIPO DE MEDIO |
| Fuente |
rdamedia |
| Nombre/término del tipo de medio |
sin medio |
| Código del tipo de medio |
n |
| 338 ## - TIPO DE SOPORTE |
| Fuente |
rdacarrier |
| Nombre/término del tipo de soporte |
volumen |
| Código del tipo de soporte |
nc |
| 500 ## - NOTA GENERAL |
| Nota general |
ej.1 - ej.3: consumo (Biblioteca Zootecnia) |
| 504 ## - NOTA DE BIBLIOGRAFÍA, ETC. |
| Nota de bibliografía, etc. |
Incluye bibliografías |
| 505 00 - NOTA DE CONTENIDO CON FORMATO |
| Información miscelánea |
Prólogo -- Introducción -- Cap. 1. Clasificación de células y organismos -- Cap. 2. Constitución celular -- Cap. 3. Replicación y reparación del DNA -- Cap. 4. Transcripción del DNA -- Cap. 5. El código genético y la síntesis de proteínas -- Cap. 6. Modificaciones postraduccionales de las proteínas -- Cap.7. Regulación de la expresión genética en procariotes -- Cap. 8. Estructura de los cromosomas procariotes y eucariotes -- Cap. 9. Recombinación in vitro del DNA -- Cap. 10. Producción de proteínas por DNA recombinante -- Cap. 11. Biotecnología de plantas y animales -- Cap. 12. Biotecnología ambiental-- Cap. 13. Genética molecular en humanos -- Cap. 14. Reglamentación del uso de la biotecnología -- Índice analítico. |
| 520 ## - SUMARIO, ETC. |
| Sumario, etc. |
El conocimiento de la célula a nivel molecular ha permitido un uso más preciso de los sistemas biológicos, sus partes y productos, y con ellos, el resurgimiento y la consolidación de la biotecnología moderna. La autora plantea estos temas a través de su obra y explica cuidadosamente desde la clasificación de los organismos. la organización de sus partes y el tipo de moléculas que los conforman, hasta la manera en que las moléculas informadoras, los ácidos nucleicos y las proteínas se utilizan y trasmiten a las generaciones siguientes. |
| 650 ## - PUNTO DE ACCESO ADICIONAL DE MATERIA--TÉRMINO DE MATERIA |
| Término de materia o nombre geográfico como elemento de entrada |
Biología molecular |
| 9 (RLIN) |
138922 |
| 650 ## - PUNTO DE ACCESO ADICIONAL DE MATERIA--TÉRMINO DE MATERIA |
| Término de materia o nombre geográfico como elemento de entrada |
Molecular biology |
| 9 (RLIN) |
154996 |
| 650 ## - PUNTO DE ACCESO ADICIONAL DE MATERIA--TÉRMINO DE MATERIA |
| Término de materia o nombre geográfico como elemento de entrada |
Biotecnología |
| 9 (RLIN) |
12878 |
| 650 ## - PUNTO DE ACCESO ADICIONAL DE MATERIA--TÉRMINO DE MATERIA |
| Término de materia o nombre geográfico como elemento de entrada |
Biotechnology |
| 9 (RLIN) |
154994 |
| 650 ## - PUNTO DE ACCESO ADICIONAL DE MATERIA--TÉRMINO DE MATERIA |
| Término de materia o nombre geográfico como elemento de entrada |
Vida |
| Subdivisión general |
Origen |
| 9 (RLIN) |
119147 |
| 650 ## - PUNTO DE ACCESO ADICIONAL DE MATERIA--TÉRMINO DE MATERIA |
| Término de materia o nombre geográfico como elemento de entrada |
Life |
| Subdivisión general |
Origins |
| 9 (RLIN) |
154995 |
| 942 ## - ELEMENTOS DE PUNTO DE ACCESO ADICIONAL (KOHA) |
| Tipo de ítem Koha |
Libro |
| Fuente del sistema de clasificación o colocación |
Dewey Decimal Classification |
| 942 ## - ELEMENTOS DE PUNTO DE ACCESO ADICIONAL (KOHA) |
| Tipo de ítem Koha |
Libro |
| Fuente del sistema de clasificación o colocación |
Dewey Decimal Classification |
| 503 ## - NOTA DE HISTORIA BIBLIOGRÁFICA (BK CF MU) [OBSOLETO] |
| Nota de historia bibliográfica |
C/e (ej.1) \ D. (ej.2) |
| 901 ## - ELEMENTOS DE DATOS A LOCAL LDA (RLIN) |
| a |
577 B35 2002 |
| 902 ## - ELEMENTOS DE DATOS B LOCAL, LDB (RLIN) |
| a |
M |
| 905 ## - ELEMENTOS DE DATOS E LOCAL, LDE (RLIN) |
| a |
5232272002 mx an 8222223322spa16 |